| 000 | 00548nam a2200205 i 4500 | ||
|---|---|---|---|
| 001 | 38145 | ||
| 003 | ES-MaACL | ||
| 005 | 20250820063026.0 | ||
| 007 | t| | ||
| 008 | 030224s1962 sp ||||1| spa d | ||
| 100 | 1 |
_aCalandre, Luis, _d1890-1961 _933528 |
|
| 245 | 1 | 0 |
_aArboles / _cLuis Calandre Ibañez. |
| 260 |
_aMadrid : _b[s.n.], _c1962. |
||
| 300 |
_a208 p. ; _c20 cm. |
||
| 490 | 1 | _aAlmenara | |
| 650 | 4 |
_aÁrboles. _9160464 |
|
| 830 | 0 |
_aAlmenara _9185590 |
|
| 852 |
_aES-MaACL _jC-22055 _bR.50800 |
||
| 999 |
_c38145 _d38145 |
||